Statistics for Capitals Closest to Each Asian Capital

Click here to take the quiz!

General Stats

  • This quiz has been taken 44 times
  • The average score is 32 of 49

Answer Stats

CapitalClosest Capital% Correct
Abu DhabiDoha
91%
AmmanRamallah
88%
BeirutDamascus
84%
DamascusBeirut
78%
ManamaDoha
78%
BakuTbilisi
78%
KabulIslamabad
75%
PyongyangSeoul
75%
Kuala LumpurSingapore
75%
ManilaTaipei
75%
IslamabadKabul
72%
BaghdadKuwait City
72%
JerusalemRamallah
72%
MuscatAbu Dhabi
69%
Phnom PenhBangkok
69%
NicosiaBeirut
69%
BeijingPyongyang
69%
BishkekTashkent
69%
BangkokVientiane
69%
HanoiVientiane
69%
MaléColombo
66%
DohaManama
66%
AnkaraNicosia
66%
TokyoSeoul
66%
JakartaSingapore
66%
UlaanbaatarBeijing
63%
AstanaBishkek
63%
VientianeHanoi
63%
SingaporeKuala Lumpur
63%
Kuwait CityManama
63%
SeoulPyongyang
63%
AshgabatTehran
63%
Bandar Seri BegawanManila
59%
TaipeiManila
59%
DushanbeTashkent
59%
KathmanduThimphu
59%
NaypyidawVientiane
59%
TbilisiYerevan
59%
New DelhiIslamabad
56%
RamallahJerusalem
56%
ColomboMalé
56%
DhakaThimphu
56%
YerevanTbilisi
53%
DiliBandar Seri Begawan
47%
ThimphuDhaka
47%
TashkentDushanbe
47%
TehranBaku
44%
RiyadhManama
41%
Sana'aDjibouti
38%

Score Distribution

Percentile by Number Answered

Percent of People with Each Score

Your Score History

You have not taken this quiz